Queere Abkürzungen - LGBTQ+ - Statistiken

Allgemein
  • Dieses Quiz wurde 409 mal gespielt
  • Das Durchschnittsergebnis liegt bei 13 aus 17
Antwortstatistiken
Abkürzung Antwort % Korrekt
LGBTQ Lesbian
96%
Bi
94%
Gay
94%
Trans*
94%
Bi Bisexuell
92%
Hetero Heterosexuell
92%
Homo Homosexuell
92%
Pan Pansexuell
92%
Queer
91%
CSD Christopher Street Day
70%
NB Nicht binär
70%
Ace Asexuell
65%
Aro Aromantisch
63%
FtM Female to male
62%
MtF Male to Female
62%
afab Assigned female at birth
22%
amab Assigned male at birth
22%
Keine übereinstimmenden Quizze gefunden
Verteilung der Resultate
Anzahl Personen mit jedem Resultat
Perzentil nach korrekt beantworteten Fragen
Ihre Resultats-Entwicklung
Sie haben dieses Quiz noch nicht gespielt